000
00395nam a22001457a 4500
999
_c
527207
_d
527207
020
_a
9788188458691
082
_a
624.18
_b
SIN
100
_a
Singh, Parbin
245
_a
Civil Engineering Materials /
_c
Parbin Singh
260
_a
Asia :
_b
S. K Kataria & Sons ,
_c
2019.
300
_a
279 p. ;
942
_2
ddc
_c
BK